000 00352nam a2200145 i 4500
001 bgj
100 1 _aGASKELL, Elizabeth.
245 0 _aNorth and South /
_cElizabeth Gaskell.
250 _aPenguin/Godfrey cave ed.
260 _aLondon [etc.],
_c1994.
040 _cBPK
041 _aeng
942 _cKS
008 s uk f |000 0 eng
999 _c47775
_d47775
856 _uhttp://koha.tu.koszalin.pl/cgi-bin/koha/opac-detail.pl?biblionumber=47775
_yKatalog online BPK